00494nam a2200157 4500001000700000003000900007007000300016008004100019100002100060245009700081250002400178260005500202300002200257700002600279852003100305148058ES-MaACLt|070214s1973 mx r ||||1| spa d1 aSprott, W. J. H.10aIntroducción a la sociología / cW. J. H. Sprott ; traducción de Florentino M. Torner. a1ª. ed. 3ª reimp. aMéxico : bFondo de Cultura Económica, c1973. a252 p. ; c17 cm.1 aTorner, Florentino M. aES-MaACLjE-6209 bR.90583